Синтез предшественников диарилиодониевых солей для модификации поверхностей; Химия и химическая технология в XXI веке; Т. 1

Podrobná bibliografie
Parent link:Химия и химическая технология в XXI веке: материалы XXV Юбилейной Международной научно-практической конференции студентов и молодых ученых имени выдающихся химиков Л.П. Кулёва и Н.М. Кижнера, посвященной 100-летию со дня рождения профессора В.П. Лопатинского, 20-24 мая 2024 г., г. Томск/ Национальный исследовательский Томский политехнический университет.— .— Томск: Изд-во ТПУ, 2024
Т. 1.— 2024.— С. 175-176
Hlavní autor: Медведев М. А.
Další autoři: Киселёв О. (научный руководитель), Солдатова Н. С. Наталья Сергеевна
Shrnutí:Заглавие с экрана
Текстовый файл
Jazyk:ruština
Vydáno: 2024
Témata:
On-line přístup:http://earchive.tpu.ru/handle/11683/83209
Médium: MixedMaterials Elektronický zdroj Kapitola
KOHA link:https://koha.lib.tpu.ru/cgi-bin/koha/opac-detail.pl?biblionumber=677143

MARC

LEADER 00000naa2a2200000 4500
001 677143
005 20250124102428.0
090 |a 677143 
100 |a 20241204d2024 k||y0rusy50 ca 
101 0 |a rus 
102 |a RU 
135 |a drcn ---uucaa 
200 1 |a Синтез предшественников диарилиодониевых солей для модификации поверхностей  |f М. А. Медведев, О. Киселёв  |g науч. рук. Н. С. Солдатова 
300 |a Заглавие с экрана 
320 |a Литература: 6 назв 
336 |a Текстовый файл 
461 1 |0 677027  |9 677027  |t Химия и химическая технология в XXI веке  |o материалы XXV Юбилейной Международной научно-практической конференции студентов и молодых ученых имени выдающихся химиков Л.П. Кулёва и Н.М. Кижнера, посвященной 100-летию со дня рождения профессора В.П. Лопатинского, 20-24 мая 2024 г., г. Томск  |f Национальный исследовательский Томский политехнический университет  |c Томск  |d 2024  |n Изд-во ТПУ 
463 1 |0 677029  |9 677029  |t Т. 1  |d 2024  |v С. 175-176  |u conference_tpu-2024-C27_V1.pdf 
545 1 |a Химия и химическая технология органических веществ и материалов 
610 1 |a труды учёных ТПУ 
610 1 |a электронный ресурс 
610 1 |a диазониевые соли 
610 1 |a модификация поверхностей  
610 1 |a прекурсоры 
700 1 |a Медведев  |b М. А. 
701 1 |a Киселёв  |b О. 
702 1 |a Солдатова  |b Н. С.  |c химик-органик  |c инженер Томского политехнического университета  |f 1992-  |g Наталья Сергеевна  |4 727 
801 0 |a RU  |b 63413507  |c 20241204  |g RCR 
850 |a 63413507 
856 4 |u http://earchive.tpu.ru/handle/11683/83209  |z http://earchive.tpu.ru/handle/11683/83209 
942 |c CF